000 00415nam a2200097Ia 4500
008 180130s9999 xx 000 0 und d
245 _cSaid, Mahmoud A.; Nasr, Omar A.; Shalash, Ahmed F.
_aEmbedded reconfigurable synchronization and acquisition ASIP for a multi-standard OFDM receiver
260 _c2016
300 _aBook title: Embedded system design--Acession number C20733; pages 159-174
650 _aSYSTEM DESIGN
999 _c354361
_d354361